| 000 | 00801nam a2200217 4500 | ||
|---|---|---|---|
| 005 | 20211122003505.0 | ||
| 008 | 211121s1976 pe |||fr|||| 001 0 spa d | ||
| 040 |
_aCENDOC CAAAP _bspa _cCAAAP |
||
| 041 | _aspa | ||
| 050 |
_aPM 5636 _b.A34 |
||
| 100 | 1 |
_94445 _aAlbisetti, César |
|
| 245 | 1 |
_aEnciclopédia bororo / _cCésar Albisetti y Ángelo Jayme Venturelli |
|
| 250 | _a1ra ed. | ||
| 260 |
_aCampo Grande, Mato Grosso, Brasil: _bInstituto de pesquisasetnográficas, _c1976 |
||
| 300 | _a3 tomos | ||
| 505 | _aContiene : Canto para o inicio de cacada á Anta -- Caanto para o inicio de uma pescaira --Canto o inicio d ecacada com fogo. | ||
| 650 | 1 | 0 |
_91486 _aIndígenas bororo |
| 650 | 2 | 0 |
_9270 _aEtnografía |
| 700 | 1 |
_94446 _aVenturelli, Ángelo Jayme _eautor |
|
| 942 |
_2lcc _b21- 11 - 21 _cBK |
||
| 999 |
_c2915 _d2915 |
||